| 000 | 00919cad a22002415a 4500 | ||
|---|---|---|---|
| 001 | L158597 | ||
| 008 | 121219e2015 xxk 000 0 eng d | ||
| 035 | _a(Sirsi) u158597 | ||
| 041 | 0 | _aeng | |
| 100 | 1 | _aParrett, Mike | |
| 245 | 0 | 0 | _aWe have a problem |
| 260 | _c2015 | ||
| 490 |
_aRICS Property Journal _vMay-June 2015, 36-37(2) |
||
| 520 | _aDiscusses the issue of dampness in buildings. | ||
| 520 | _aRelated documents: The Building Regulations 2010: Approved Document C: Site preparation and resistance to contaminates and moisture (L158598). | ||
| 650 | 2 | 4 | _aBUILT ENVIRONMENT-BUILDING PATHOLOGY |
| 650 | 2 | 4 | _aDAMP |
| 651 | 4 | _aUnited Kingdom | |
| 690 | _aBuilding materials and defects | ||
| 710 |
_aRoyal Institution of Chartered Surveyors _94900 |
||
| 856 | 4 | 0 |
_uhttps://www.rics.org/uk/news/journals/property-journal _zView the journal free of charge at www.rics.org/journals... |
| 942 |
_n0 _2ddc |
||
| 999 |
_c84633 _d84633 |
||